[Event "Stuttgart-chA int"]
[Site "Ditzingen"]
[Date "2018.05.13"]
[Round "7"]
[White "Steinhart, Christoph"]
[Black "Huels, Maximilian"]
[Result "1-0"]
[WhiteElo "1985"]
[BlackElo "1824"]
[PlyCount "75"]
[EventDate "2018.05.10"]
[EventType "swiss"]
[EventRounds "7"]
[EventCountry "GER"]
[SourceTitle "EXT 2020"]
[Source "ChessBase"]
[SourceDate "2019.10.17"]
[SourceVersion "1"]
[SourceVersionDate "2019.10.17"]
[SourceQuality "1"]

1. e4 e6 2. d4 d5 3. Nd2 Nf6 4. e5 Nfd7 5. Bd3 c5 6. c3 Nc6 7. Ne2 cxd4 8. cxd4 f6 9. exf6 Nxf6 10. 0-0 Bd6 11. Nf3 Qc7 12. h3 0-0 13. Be3 Bd7 14. Rc1 Be8 15. Ng5 Bf7 16. f4 Rae8 17. a3 a6 18. Qc2 h6 19. Nxf7 Qxf7 20. Bg6 Qd7 21. Bxe8 Rxe8 22. Nc3 Na5 23. Rce1 Nc4 24. Bc1 Qc7 25. Qd3 b5 26. Re2 Kf7 27. Kh1 Re7 28. Qf3 Qa7 29. Qd3 Qc7 30. Qd1 Ke8 31. g4 Nxa3 32. g5 Nh5 33. Qd3 Kd8 34. bxa3 Bxf4 35. Nxd5 exd5 36. Rxe7 Kxe7 37. Qe2+ Kd7 38. Qg4+ 1-0

[Event "Stuttgart-chA int"]
[Site "Ditzingen"]
[Date "2018.05.10"]
[Round "1"]
[White "Steinhart, Christoph"]
[Black "Ikonnikov, Vyacheslav"]
[Result "0-1"]
[WhiteElo "1985"]
[BlackElo "2541"]
[PlyCount "62"]
[EventDate "2018.05.10"]
[EventType "swiss"]
[EventRounds "7"]
[EventCountry "GER"]
[SourceTitle "EXT 2020"]
[Source "ChessBase"]
[SourceDate "2019.10.17"]
[SourceVersion "1"]
[SourceVersionDate "2019.10.17"]
[SourceQuality "1"]

1. e4 c5 2. c4 d6 3. Nc3 Nc6 4. d3 g6 5. g3 Bg7 6. Bg2 Nf6 7. Nge2 Rb8 8. 0-0 0-0 9. f4 a6 10. a4 Ne8 11. f5 Nc7 12. g4 b5 13. axb5 axb5 14. cxb5 Nxb5 15. Nxb5 Rxb5 16. Nc3 Rb8 17. g5 Nd4 18. Ne2 gxf5 19. Nxd4 Bxd4+ 20. Kh1 fxe4 21. Bxe4 Bb7 22. Rf4 Qd7 23. Qh5 Bxe4+ 24. dxe4 Qe6 25. Rh4 Qg6 26. Qe2 Rb3 27. Ra7 Re8 28. Qd1 Qe6 29. Qh5 Qc4 30. Qd1 Rd3 31. Qf1 Qc2 0-1

[Event "BL2-Sued 1718"]
[Site "Germany"]
[Date "2017.11.11"]
[Round "3.7"]
[White "Miezis, Normunds"]
[Black "Steinhart, Christoph"]
[Result "1-0"]
[WhiteElo "2420"]
[BlackElo "1980"]
[PlyCount "65"]
[EventDate "2017.10.21"]
[EventType "team-tourn"]
[EventRounds "10"]
[EventCountry "GER"]
[SourceTitle "CBM 183 Extra"]
[Source "ChessBase"]
[SourceDate "2018.04.19"]
[SourceVersion "1"]
[SourceVersionDate "2018.04.19"]
[SourceQuality "1"]
[WhiteTeam "Emmendingen"]
[BlackTeam "Schoenaich"]
[WhiteTeamCountry "GER"]
[BlackTeamCountry "GER"]

1. c4 e5 2. Nc3 Nf6 3. g3 d5 4. cxd5 Nxd5 5. Bg2 Nb6 6. Nf3 Nc6 7. Rb1 Be6 8. 0-0 Be7 9. b4 a6 10. a3 0-0 11. d3 f6 12. Ne4 Nd5 13. Qc2 g5 14. Bb2 g4 15. Nfd2 Nd4 16. Bxd4 exd4 17. Nb3 Nb6 18. Nec5 Bd5 19. Nxb7 Qc8 20. Bxd5+ Nxd5 21. Qc6 Nc3 22. Rbc1 Nb5 23. a4 Na7 24. Qc4+ Kg7 25. N7c5 Bxc5 26. Nxc5 Re8 27. Qxa6 Qxa6 28. Nxa6 Re7 29. Rfe1 Nc8 30. Nxc7 Rxa4 31. Nd5 Re8 32. Rc7+ Kg6 33. Rxc8 1-0

[Event "Forchheim op-A 13th"]
[Site "Forchheim"]
[Date "2014.10.04"]
[Round "4"]
[White "Reis, Gerhard"]
[Black "Steinhart, Christoph"]
[Result "0-1"]
[WhiteElo "2203"]
[BlackElo "2025"]
[PlyCount "84"]
[EventDate "2014.10.03"]
[EventType "swiss"]
[EventRounds "5"]
[EventCountry "GER"]
[SourceTitle "EXT 2019"]
[Source "ChessBase"]
[SourceDate "2018.10.10"]
[SourceVersion "1"]
[SourceVersionDate "2018.10.10"]
[SourceQuality "1"]

1. Nf3 c5 2. c4 Nc6 3. Nc3 g6 4. g3 Bg7 5. Bg2 e5 6. 0-0 Nge7 7. a3 a5 8. Ne1 d6 9. Nc2 0-0 10. Rb1 f5 11. d3 h6 12. Bd2 Kh7 13. b4 axb4 14. axb4 cxb4 15. Nxb4 Nxb4 16. Rxb4 Nc6 17. Rb1 Rf7 18. Bd5 Re7 19. e3 Be6 20. Bxe6 Rxe6 21. Rxb7 Re7 22. Qb1 Qc8 23. Rxe7 Nxe7 24. Qb4 Qd7 25. Rb1 Ra7 26. Nb5 Rb7 27. Ra1 f4 28. e4 f3 29. Qb1 g5 30. Qf1 Nc6 31. h3 Nd4 32. Nxd4 exd4 33. Kh2 Be5 34. Qc1 Kg6 35. Ra6 Kg7 36. c5 Rc7 37. c6 Qc8 38. Qc4 Kg6 39. Rb6 h5 40. Qd5 h4 41. Be1 hxg3+ 42. fxg3 Ra7 0-1

[Event "Stuttgart-chA int"]
[Site "Ditzingen"]
[Date "2014.05.29"]
[Round "1"]
[White "Piskur, Mitja"]
[Black "Steinhart, Christoph"]
[Result "1-0"]
[WhiteElo "2239"]
[BlackElo "1967"]
[PlyCount "135"]
[EventDate "2014.05.29"]
[EventType "swiss"]
[EventRounds "7"]
[EventCountry "GER"]
[SourceTitle "EXT 2015"]
[Source "ChessBase"]
[SourceDate "2014.11.20"]
[SourceVersion "1"]
[SourceVersionDate "2014.11.20"]
[SourceQuality "1"]

1. Nf3 c5 2. e3 Nc6 3. d4 d5 4. dxc5 e6 5. a3 a5 6. c4 Bxc5 7. b3 Nf6 8. Bb2 0-0 9. Nc3 Qe7 10. cxd5 exd5 11. Be2 Rd8 12. Na4 Ba7 13. Nd4 Rb8 14. 0-0 Nxd4 15. Bxd4 b5 16. Nc3 Bxd4 17. Qxd4 b4 18. Na4 bxa3 19. Qc5 Qxc5 20. Nxc5 Ne4 21. Nxe4 dxe4 22. Bc4 a4 23. Rxa3 axb3 24. Rxb3 Rxb3 25. Bxb3 Bb7 26. Rb1 Rd7 27. h4 h6 28. Kh2 Bd5 29. Bxd5 Rxd5 30. Rb8+ Kh7 31. Re8 f5 32. h5 Rd7 33. Re6 Kg8 34. Re5 Rf7 35. Kg3 Kh7 36. Re6 Rb7 37. Rd6 Rb2 38. Rd5 g6 39. Rd7+ Kg8 40. hxg6 Rb6 41. Kf4 Rxg6 42. g3 Ra6 43. Kxf5 Ra2 44. Re7 Rxf2+ 45. Kg6 Kf8 46. Rxe4 Rg2 47. g4 Rh2 48. Rf4+ Ke7 49. Kf5 Ra2 50. e4 Kf7 51. Rf1 Ra6 52. e5 Rg6 53. Rd1 Rg5+ 54. Kf4 Rg8 55. Rd7+ Ke8 56. Rh7 Rg6 57. Kf5 Ra6 58. e6 Ra1 59. Rxh6 Rf1+ 60. Kg6 Ke7 61. g5 Kxe6 62. Kg7+ Ke7 63. Rf6 Ra1 64. g6 Ra8 65. Rf4 Kd6 66. Kh7 Ra7+ 67. g7 Rb7 68. Kh8 1-0

[Event "Stuttgart-chA int"]
[Site "Ditzingen"]
[Date "2013.05.11"]
[Round "5"]
[White "Rau, Juergen"]
[Black "Steinhart, Christoph"]
[Result "1/2-1/2"]
[WhiteElo "2124"]
[BlackElo "1961"]
[PlyCount "40"]
[EventDate "2013.05.09"]
[EventType "swiss"]
[EventRounds "7"]
[EventCountry "GER"]
[SourceTitle "EXT 2014"]
[Source "ChessBase"]
[SourceDate "2013.11.20"]
[SourceVersion "1"]
[SourceVersionDate "2013.11.20"]
[SourceQuality "1"]

1. c4 e5 2. g3 Nf6 3. Bg2 d5 4. cxd5 Nxd5 5. Nc3 Nb6 6. Nf3 Nc6 7. 0-0 Be7 8. a3 f5 9. d3 Be6 10. b4 Bf6 11. Bd2 0-0 12. Rc1 g5 13. Be3 Nd4 14. Nd2 c6 15. f4 exf4 16. gxf4 g4 17. Bf2 Nd5 18. Nxd5 Bxd5 19. e4 Be6 20. Nc4 Nb5 1/2-1/2

[Event "Forchheim op-A 11th"]
[Site "Forchheim"]
[Date "2012.09.29"]
[Round "3"]
[White "Steinhart, Christoph"]
[Black "Seyb, Alexander"]
[Result "0-1"]
[WhiteElo "1976"]
[BlackElo "2313"]
[PlyCount "72"]
[EventDate "2012.09.28"]
[EventType "swiss"]
[EventRounds "5"]
[EventCountry "GER"]
[SourceTitle "EXT 2019"]
[Source "ChessBase"]
[SourceDate "2018.10.10"]
[SourceVersion "1"]
[SourceVersionDate "2018.10.10"]
[SourceQuality "1"]

1. e4 c5 2. c4 Nc6 3. Nc3 g6 4. g3 Bg7 5. Bg2 e6 6. d3 Nge7 7. Nge2 d6 8. a3 0-0 9. 0-0 b6 10. Rb1 Bb7 11. b4 Qd7 12. Kh1 Rfd8 13. f4 f5 14. Be3 Nd4 15. Bg1 Nec6 16. Nxd4 Nxd4 17. Ne2 Rac8 18. Nxd4 cxd4 19. Qb3 fxe4 20. dxe4 Kh8 21. Rbd1 e5 22. f5 Rf8 23. g4 Qc6 24. Rc1 gxf5 25. gxf5 Bh6 26. Rc2 Rg8 27. Re1 Bg5 28. b5 Qc7 29. Bf2 Qf7 30. h4 Bf6 31. Qf3 Rxc4 32. Qb3 d5 33. exd5 Rxg2 34. Qxc4 Bxd5 35. Qc7 Rxf2+ 36. Kg1 Qg8+ 0-1

[Event "Mediterranean op-B 4th"]
[Site "Rijeka"]
[Date "2010.11.14"]
[Round "3"]
[White "Muslija, Idris"]
[Black "Steinhart, Christoph"]
[Result "1-0"]
[WhiteElo "2199"]
[BlackElo "2021"]
[PlyCount "57"]
[EventDate "2010.11.13"]
[EventType "swiss"]
[EventRounds "9"]
[EventCountry "CRO"]
[SourceTitle "EXT 2011"]
[Source "ChessBase"]
[SourceDate "2010.11.26"]
[SourceVersion "1"]
[SourceVersionDate "2010.11.26"]
[SourceQuality "1"]

1. e4 c5 2. Nf3 d6 3. d4 cxd4 4. Nxd4 Nf6 5. Nc3 a6 6. Bg5 e6 7. f4 Be7 8. Qf3 Qc7 9. 0-0-0 Nbd7 10. g4 b5 11. a3 Rb8 12. Bxf6 gxf6 13. g5 b4 14. axb4 Rxb4 15. f5 Qa5 16. Nb3 Rxb3 17. cxb3 Ne5 18. Qe2 fxg5 19. fxe6 fxe6 20. Qh5+ Ng6 21. Bc4 0-0 22. Rhf1 Nf4 23. Rxf4 Rxf4 24. Qe8+ Kg7 25. Qxe7+ Rf7 26. Qxd6 Rf2 27. Qd4+ Rf6 28. Rf1 e5 29. Qa7+ 1-0

[Event "Staufer op 22nd"]
[Site "Schwaebisch Gmuend"]
[Date "2010.01.02"]
[Round "2"]
[White "Buecker, Stefan"]
[Black "Steinhart, Christoph"]
[Result "1-0"]
[WhiteElo "2345"]
[BlackElo "2042"]
[PlyCount "77"]
[EventDate "2010.01.02"]
[EventType "swiss"]
[EventRounds "9"]
[EventCountry "GER"]
[SourceTitle "CBM 134 Extra"]
[Source "ChessBase"]
[SourceDate "2010.03.03"]
[SourceVersion "1"]
[SourceVersionDate "2010.03.03"]
[SourceQuality "1"]

1. e4 c5 2. Nc3 Nc6 3. g3 g6 4. Bg2 Bg7 5. d3 e6 6. Be3 d6 7. Qd2 a6 8. f4 Nge7 9. Nf3 Nd4 10. 0-0 0-0 11. Rae1 b5 12. e5 dxe5 13. Nxe5 Ra7 14. Ne4 Rc7 15. c3 f6 16. Nf3 Nxf3+ 17. Bxf3 f5 18. Nxc5 Qd6 19. d4 Rd8 20. Qe2 Nd5 21. Bf2 Kf7 22. Qc2 Re7 23. Re2 Bb7 24. Rxe6 Rxe6 25. Nxb7 Qd7 26. Nxd8+ Qxd8 27. Qb3 Rd6 28. Re1 Bf6 29. a4 bxa4 30. Qxa4 Qb6 31. Qc4 Qb7 32. Qc5 Qd7 33. Ra1 Kg7 34. Qc4 Nc7 35. Ra5 Nb5 36. d5 Qd8 37. Qa2 Bxc3 38. bxc3 Nxc3 39. Bd4+ 1-0

[Event "Mediterranean op 3rd"]
[Site "Rijeka"]
[Date "2009.12.01"]
[Round "5"]
[White "Saric, Kristina"]
[Black "Steinhart, Christoph"]
[Result "0-1"]
[WhiteElo "2190"]
[BlackElo "2045"]
[PlyCount "114"]
[EventDate "2009.11.27"]
[EventType "swiss"]
[EventRounds "9"]
[EventCountry "CRO"]
[SourceTitle "CBM 133 Extra"]
[Source "ChessBase"]
[SourceDate "2010.01.05"]
[SourceVersion "1"]
[SourceVersionDate "2010.01.05"]
[SourceQuality "1"]

1. e4 c5 2. Nf3 d6 3. d4 cxd4 4. Nxd4 Nf6 5. Nc3 a6 6. Be3 e6 7. Be2 Be7 8. a4 Nc6 9. 0-0 0-0 10. Kh1 Bd7 11. f4 Qc7 12. Qe1 Nxd4 13. Bxd4 Bc6 14. Bf3 b6 15. Rd1 Rfd8 16. Qg3 Qb7 17. e5 Ne8 18. exd6 Rxd6 19. Bxc6 Qxc6 20. Rd3 Rad8 21. Rfd1 b5 22. axb5 axb5 23. Qe3 R6d7 24. Qe2 Nd6 25. Be5 b4 26. Bxd6 Bxd6 27. Ne4 Bxf4 28. Rf1 e5 29. Rxd7 Rxd7 30. Qg4 f5 31. Qxf5 Rf7 32. Qg4 Qxe4 33. Qe6 Qxc2 34. Ra1 Qe4 35. Rd1 Bg5 36. h3 Qf5 37. Qc4 h5 38. Qxb4 Kh7 39. Qe1 Qf4 40. Qe2 g6 41. b4 Qg3 42. Qc4 Rf2 43. Qc6 Kh6 44. Qa8 Bf6 45. b5 Re2 46. Qf8+ Bg7 47. Qf1 Qf2 48. Qxf2 Rxf2 49. Rb1 e4 50. b6 Rb2 51. Re1 Rb4 52. b7 Be5 53. Kg1 Kg5 54. Kf2 Kf5 55. Rf1 Bf4 56. g3 Bd6 57. Ke2+ Ke6 0-1

[Event "Stuttgart-chA int"]
[Site "Ditzingen"]
[Date "2009.05.24"]
[Round "7"]
[White "Krockenberger, Martin"]
[Black "Steinhart, Christoph"]
[Result "1-0"]
[WhiteElo "2216"]
[BlackElo "2013"]
[PlyCount "79"]
[EventDate "2009.05.21"]
[EventType "swiss"]
[EventRounds "7"]
[EventCountry "GER"]
[SourceTitle "EXT 2018"]
[Source "ChessBase"]
[SourceDate "2017.10.13"]
[SourceVersion "1"]
[SourceVersionDate "2017.10.13"]
[SourceQuality "1"]

1. Nf3 Nf6 2. c4 g6 3. Nc3 Bg7 4. d4 d6 5. e4 0-0 6. Be2 Nbd7 7. 0-0 e5 8. Be3 h6 9. h3 a5 10. Qd2 Kh7 11. Rad1 Qe7 12. dxe5 dxe5 13. Nd5 Nxd5 14. cxd5 f5 15. Qc2 f4 16. Bd2 Nf6 17. Bc3 Ne8 18. Rc1 Rf7 19. Rfd1 Nd6 20. Nd2 b6 21. b4 Ba6 22. Bxa6 Rxa6 23. Qd3 Ra7 24. bxa5 bxa5 25. Bb2 Qe8 26. Rc6 Qb8 27. Ba3 Nb5 28. Bc5 Rb7 29. a4 Nd4 30. Bxd4 exd4 31. e5 Rf5 32. Nf3 Qe8 33. Rdc1 Qf7 34. Qe4 d3 35. e6 Qe7 36. Qxd3 Be5 37. Nxe5 Rxe5 38. Qa6 Rb6 39. Rxb6 cxb6 40. Qxb6 1-0

[Event "Stuttgart-chA int"]
[Site "Ditzingen"]
[Date "2009.05.22"]
[Round "4"]
[White "Svetushkin, Dmitry"]
[Black "Steinhart, Christoph"]
[Result "1-0"]
[WhiteElo "2615"]
[BlackElo "2013"]
[PlyCount "79"]
[EventDate "2009.05.21"]
[EventType "swiss"]
[EventRounds "7"]
[EventCountry "GER"]
[SourceTitle "EXT 2018"]
[Source "ChessBase"]
[SourceDate "2017.10.13"]
[SourceVersion "1"]
[SourceVersionDate "2017.10.13"]
[SourceQuality "1"]

1. e4 e6 2. d3 d5 3. Qe2 dxe4 4. dxe4 b6 5. Nd2 Ba6 6. Nc4 Nf6 7. Nf3 Be7 8. e5 Nd5 9. Qe4 Nd7 10. Qg4 Nb4 11. Ne3 0-0 12. Bxa6 Nxa6 13. h4 f5 14. exf6 Bxf6 15. Qxe6+ Kh8 16. Qc4 Nac5 17. 0-0 Re8 18. Rd1 Re4 19. Qd5 Qe8 20. Bd2 Rd8 21. Qf5 g6 22. Qh3 Bxb2 23. Rab1 Bg7 24. Ng5 Ra4 25. Bb4 h6 26. Bxc5 hxg5 27. hxg5+ Kg8 28. Bb4 a5 29. Be1 Nc5 30. Nd5 Rxa2 31. Bc3 Qe6 32. Nf6+ Bxf6 33. Rxd8+ Bxd8 34. Qh8+ Kf7 35. Qxd8 Rxc2 36. Qxc7+ Nd7 37. Rd1 Rxc3 38. Rxd7+ Kf8 39. Qd8+ Qe8 40. Qf6+ 1-0

[Event "Mediterranean op 2nd"]
[Site "Rijeka"]
[Date "2008.11.29"]
[Round "1"]
[White "Steinhart, Christoph"]
[Black "Jankovic, Alojzije"]
[Result "0-1"]
[WhiteElo "2027"]
[BlackElo "2548"]
[PlyCount "95"]
[EventDate "2008.11.29"]
[EventType "swiss"]
[EventRounds "9"]
[EventCountry "CRO"]
[SourceTitle "CBM 127 Extra"]
[Source "ChessBase"]
[SourceDate "2009.01.08"]
[SourceVersion "2"]
[SourceVersionDate "2009.01.28"]
[SourceQuality "1"]

1. e4 c5 2. c3 Nf6 3. e5 Nd5 4. d4 cxd4 5. cxd4 d6 6. Bc4 Nb6 7. Bb3 dxe5 8. dxe5 Qxd1+ 9. Bxd1 Nc6 10. Nf3 g6 11. b3 Bg7 12. Bb2 Nd7 13. 0-0 Ndxe5 14. Nxe5 Nxe5 15. Nd2 0-0 16. f4 Nf3+ 17. Bxf3 Bxb2 18. Rad1 Rb8 19. Nc4 Bf6 20. g4 h6 21. Rd3 b6 22. Rfd1 e6 23. Kg2 g5 24. Kg3 Kg7 25. Ne5 gxf4+ 26. Kxf4 Bxe5+ 27. Kxe5 f6+ 28. Kf4 e5+ 29. Kg3 Be6 30. Bd5 Rbe8 31. h4 h5 32. Bxe6 Rxe6 33. Rd7+ Kh6 34. Rxa7 Rg8 35. g5+ fxg5 36. hxg5+ Rxg5+ 37. Kf3 e4+ 38. Kf4 Rg4+ 39. Kf5 Rc6 40. Rd5 e3 41. Re7 Rg5+ 42. Ke4 e2 43. Kd4 Rxd5+ 44. Kxd5 Rc2 45. a4 h4 46. Kd4 h3 47. Kd3 Rb2 48. Ke4 0-1